KISS Song Titles: Three Words & Less Than 10 Letters - Statistics

General Stats
  • This quiz has been taken 4 times
  • The average score is 1 of 13
Answer Stats
Hint Answer % Correct
1983 (8 letters) Lick It Up
75%
1978 (8 letters) Rip It Out
25%
1992 (9 letters) Take It Off
25%
1974 (9 letters) All The Way
0%
1997 (8 letters) In My Head
0%
1980 (9 letters) Is That You?
0%
1976 (8 letters) I Want You
0%
1981 (8 letters) Just A Boy
0%
1974 (9 letters) Let Me Know
0%
1987 (6 letters) No, No, No
0%
1989 (8 letters) Rise To It
0%
1980 (8 letters) Talk To Me
0%
1998 (8 letters) We Are One
0%
No matching quizzes found
Score Distribution
Percent of People with Each Score
Percentile by Number Answered
Your Score History
You have not taken this quiz